Statistics for Jojo Stand-Owner quiz

Click here to take the quiz!

General Stats

  • This quiz has been taken 67 times
  • The average score is 18 of 22

Answer Stats

HintAnswer% Correct
The worldDio
100%
Star platinumJotaro Kujo
100%
Hierophant greenKakyoin
100%
Silver chariotPolnareff
100%
Magicians redAvdol
98%
Hermit purpleJoseph Joestar
98%
The foolIggy
95%
Crazy DiamondJosuke Higashikata
89%
Heavens doorRohan Kishibe
88%
Golden experienceGiorno Giovanna
86%
EchoesKoichi Hirose
84%
AerosmithNarancia
84%
Killer queenYoshikage Kira
82%
Moody BluesAbbacchio
79%
King crimsonDiavolo
77%
EmperorHol horse
77%
The handOkuyasu Nijimura
77%
JusticeEnya
75%
Stone FreeJolyne Cujoh
64%
Purple hazePannacotta Fugo
59%
Spice girlTrish Una
59%
Bad companyKeicho Nijimura
54%

Score Distribution

Percentile by Number Answered

Percent of People with Each Score

Your Score History

You have not taken this quiz